Espejo interior / (Registro nro. 8150)

Detalles MARC
000 -LIDER
fixed length control field 00910nam a2200289 a 4500
001 - NÚMERO DE CONTROL
Identificador de número de control 000013924
003 - IDENTIFICACDOR DE NÚMERO DE CONTROL
control field DO-SdBNP
005 - DATE AND TIME OF LATEST TRANSACTION
control field 20220929130907.0
007 - CAMPOS FIJOS DE DESCRIPCIÓN FÍSICA
fixed length control field 000013924
008 - ELEMENTOS DE LONGITUD FIJA
fixed length control field 091202t2002 dr 000 e spa d
020 ## - ISBN
International Standard Book Number 9993461458
040 ## - FUENTE DE CATALOGACIÓN
Agencia que crea de manera original el registro BPMSU
Idioma de catalogación spa
Agencia que realiza la transcripción BPMSU
082 ## - NÚMERO DE CLASIFICACIÓN DECIMAL DE DEWEY
Classification number RD864.08
Item number E77e 2002
Edition number 22
100 1# - ASIENTO PRINCIPAL -- NOMBRE PERSONAL
Nombre personal Espinosa Martínez, César,
Fechas asociadas con el nombre 1948-
245 10 - MENCIÓN DE TITULO
Título Espejo interior /
Mención de responsabilidad César Espinosa Martínez.
260 ## - PUBLICACIÓN, DISTRIBUCIÓN, ETC. (PIE DE IMPRENTA)
Lugar de publicación, distribución, etc Santo Domingo :
Nombre del editor, distribuidor, etc. Cocolo,
Fecha de publicación, distribución, etc 2002.
Impresor
300 ## - DESCRIPCIÓN FÍSICA
Extensión 190 p. ;
Dimensiones 22 cm.
500 ## - NOTA GENERAL
Materiales especificados Incluye datos biográficos del autor en la solapa de la cubierta
590 ## - NOTA LOCAL
Enlace Inventariado, 2022/VM
650 #4 - ENCABEZAMIENTO DE MATERIA--TEMÁTICO
Término temático o nombre geográfico como elemento de entrada Ensayos dominicanos
650 #4 - ENCABEZAMIENTO DE MATERIA--TEMÁTICO
Término temático o nombre geográfico como elemento de entrada Diarios dominicanos
Subdivisión temática general Selecciones de columnas, etc.
650 #4 - ENCABEZAMIENTO DE MATERIA--TEMÁTICO
Término temático o nombre geográfico como elemento de entrada Política y cultura
650 #4 - ENCABEZAMIENTO DE MATERIA--TEMÁTICO
Término temático o nombre geográfico como elemento de entrada Literatura dominicana
730 0# - ADDED ENTRY--UNIFORM TITLE
Uniform title Última Hora (República Dominicana)
910 ## - VALIDACIÓN
Validación VMateo V./Validado.
942 ## - ADDED ENTRY ELEMENTS (KOHA)
Source of classification or shelving scheme Dewey Decimal Classification
Koha item type Libros
Existencias
Withdrawn status Lost status Source of classification or shelving scheme Damaged status Not for loan Collection code Home library Current library Date acquired Full call number Barcode Date last seen Price effective from Koha item type
    Dewey Decimal Classification     Colección Dominicana Biblioteca Pública Metropolitana Salomé Ureña Biblioteca Pública Metropolitana Salomé Ureña 08/10/2015 BPMSU CD RD864.08 E77e 2002 BPMSU15080257 08/10/2015 08/10/2015 Libros